Ser cristiano en la era neopagana.

Zapisane w:
Opis bibliograficzny
1. autor: Ratzinger, Joseph (autor)
Kolejni autorzy: Restán, José Luis (edición, introducciones)
Format: Książka
Język:angielski
Wydane: Madrid, España: Ediciones Encuentro, 2017.
Wydanie:3a. edición.
Seria:Colección 100XUNO,
Hasła przedmiotowe:
Etykiety: Dodaj etykietę
Nie ma etykietki, Dołącz pierwszą etykiete!

MARC

LEADER 00000nam a22000007a 4500
003 CL-VaPUC
005 20220825124254.0
008 220816t2017 ||||| |||| 00| 0 eng d
999 |c 438341  |d 438339 
020 |a 978-84-9055-189-9 
040 |c Pontificia Universidad Católica de Valparaíso 
082 |2 22  |a 230 RAT 2017 
100 |9 314573  |a Ratzinger, Joseph  |e autor 
245 |a Ser cristiano en la era neopagana. 
250 |a 3a. edición.  
260 |a Madrid, España:   |b Ediciones Encuentro,   |c 2017. 
300 |a 212 páginas.  
490 |a Colección 100XUNO,   |n  22. 
500 |a c.1 Donación Sr. Rector Nelson Vásquez Lara, julio 2022. 
583 |c 20220816  |k Yessy Sthefany Diaz Vidal 
650 0 |9 257361  |a Cristianismo 
650 0 |a Fe y ateísmo  |9 875592 
650 0 |a Neopaganismo  |9 875593 
700 |9 875591  |a Restán, José Luis  |e edición   |e introducciones 
942 |2 ddc  |c BK 
952 |0 0  |1 0  |2 ddc  |4 0  |6 230_000000000000000_RAT_2017  |7 0  |8 A  |9 586243  |a BIBHIS  |b BIBHIS  |c GEN  |d 2022-08-16  |e Donación   |i 5654139  |o 230 RAT 2017  |p 5654139  |r 2025-01-20  |t 1  |w 2022-08-16  |y BK  |k HIS